ՀՀ Գիտությունների ազգային ակադեմիայի հիմնարար գիտական գրադարան  =   Fundamental Scientific Library of NAS RA

Куба : (Record no. 508972)

MARC details
000 -LEADER
fixed length control field 00985nam a2200217 a 4500
001 - CONTROL NUMBER
control field 000377979
003 - CONTROL NUMBER IDENTIFIER
control field AM-YEHGA
005 - DATE AND TIME OF LATEST TRANSACTION
control field 20260212114243.0
008 - FIXED-LENGTH DATA ELEMENTS--GENERAL INFORMATION
fixed length control field 041105s1961 ru ||||| |||| 00| 0 rus d
040 ## - CATALOGING SOURCE
Original cataloging agency AM-YEHGA
041 0# - LANGUAGE CODE
Language code of text/sound track or separate title rus
245 00 - TITLE STATEMENT
Title Куба :
Remainder of title Альбом /
Statement of responsibility, etc. Рис. В.И. Иванова и П.П. Оссовского ; Текст В.А. Кузьмищева ; Ред. Е.И. Буторина.
260 ## - PUBLICATION, DISTRIBUTION, ETC.
Place of publication, distribution, etc. Москва :
Name of publisher, distributor, etc. Советский художник,
Date of publication, distribution, etc. 1961.
300 ## - PHYSICAL DESCRIPTION
Extent 67 с.
650 14 - SUBJECT ADDED ENTRY--TOPICAL TERM
Topical term or geographic name entry element Политическая, экономическая и культурная жизнь отдельных стран и местностей
700 1# - ADDED ENTRY--PERSONAL NAME
Personal name Иванов, Виктор Иванович
Relator term худ.
Relationship art
700 1# - ADDED ENTRY--PERSONAL NAME
Personal name Оссовский, Петр Павлович
Relator term худ.
Relationship art
700 1# - ADDED ENTRY--PERSONAL NAME
Personal name Кузьмищев, Владимир Алексеевич
Relator term текст
Relationship aui
700 1# - ADDED ENTRY--PERSONAL NAME
Personal name Буторина, Е.И.
Relator term ред.
Relationship edt
942 ## - ADDED ENTRY ELEMENTS (KOHA)
Source of classification or shelving scheme Universal Decimal Classification
Koha item type Գրքեր / Books
Holdings
Withdrawn status Lost status Damaged status Not for loan Collection Home library Current library Date acquired Total checkouts Full call number Barcode Date last seen Price effective from Koha item type Public note Source of classification or shelving scheme
        General Fundamental Scientific Library Fundamental Scientific Library 12/05/2021   PII/50239 FL0647455 12/05/2021 12/05/2021 Գրքեր / Books 30 Days Loan  
        Kusikian Individual Collection Fundamental Scientific Library Fundamental Scientific Library 16/10/2025   Кус/3379 FL0696163 16/10/2025 16/10/2025 Գրքեր / Books ILL Non-Circ. Universal Decimal Classification


ՀՀ ԳԱԱ հիմնարար գիտական գրադարան
ՀՀ,Երևան 0019
Մարշալ Բաղրամյան 24/6
հեռախոս:(374-10) 52-47-50
Հետադարձ կապ

All site content, except where otherwise noted, is licensed under a
Creative Commons License